00526nmm a2200181Ia 4500008004100000041000800041100002500049245002900074264004900103300001800152490001900170650002100189700002500210700003400235856005100269942000700320999001700327251105s9999||||xx |||||||||||||||||und|| aspa aChéjov, Antón P. 0aLa estepa En el barranco a[Madrid, España] :bAlba Editorial, c2012 a240 páginas aAlba Clásica aOther narratives aChéjov, Antón P.1 a Gallego Ballestero, Víctor uhttps://public.digitaliapublishing.com/a/33202 cCF c63947d63947